[Event "BLR-ch sf"]
[Site "Minsk"]
[Date "2023.12.15"]
[Round "9"]
[White "Darafeyuk, Kanstantsin"]
[Black "Kazlou, Petr"]
[Result "1-0"]
[WhiteElo "1098"]
[BlackElo "1302"]
[PlyCount "131"]
[EventDate "2023.12.07"]
[EventType "swiss"]
[EventRounds "9"]
[EventCountry "BLR"]
[SourceTitle "CBM 217 Extra"]
[Source "ChessBase"]
[SourceDate "2024.01.31"]
[SourceVersion "1"]
[SourceVersionDate "2024.01.31"]
[SourceQuality "1"]

1. e4 c5 2. Nc3 Nc6 3. Nge2 e5 4. Ng3 d6 5. Bc4 Be6 6. d3 a6 7. f4 h5 8. f5 Bxc4 9. dxc4 h4 10. Nge2 Nf6 11. Bg5 Be7 12. Qd2 Nd4 13. 0-0-0 b5 14. cxb5 axb5 15. Bxf6 Bxf6 16. Kb1 Bg5 17. Qe1 b4 18. Nxd4 exd4 19. Ne2 Qa5 20. Nc1 Bxc1 21. Kxc1 Qxa2 22. e5 0-0 23. Rd3 Qa1+ 24. Kd2 Qxe1+ 25. Rxe1 dxe5 26. Rxe5 Rac8 27. Rh3 c4 28. Rxh4 c3+ 29. bxc3 bxc3+ 30. Kd3 Ra8 31. Rxd4 Ra3 32. Rc5 Re8 33. Rxc3 Rxc3+ 34. Kxc3 Re2 35. Rd2 Re5 36. Rf2 Kf8 37. Kd4 f6 38. g4 Re1 39. Rg2 Rf1 40. h4 Ke7 41. Re2+ Kd7 42. Re4 Rf2 43. c4 Rg2 44. Kd5 Rh2 45. c5 Rd2+ 46. Rd4 Rc2 47. g5 Re2 48. c6+ Kc7 49. Kc5 Rc2+ 50. Rc4 Rf2 51. Rd4 Rc2+ 52. Kd5 Rxc6 53. Rc4 Rxc4 54. Kxc4 fxg5 55. hxg5 Kd6 56. Kd4 g6 57. f6 Ke6 58. Kc5 Kf7 59. Kd6 Kf8 60. Ke6 Ke8 61. f7+ Kf8 62. Ke5 Ke7 63. f8Q+ Kxf8 64. Kf6 Kg8 65. Kxg6 Kh8 66. Kf7 1-0

[Event "BLR-ch sf"]
[Site "Minsk"]
[Date "2023.12.12"]
[Round "6"]
[White "Bas, Marsel"]
[Black "Darafeyuk, Kanstantsin"]
[Result "1-0"]
[WhiteElo "1402"]
[BlackElo "1098"]
[PlyCount "65"]
[EventDate "2023.12.07"]
[EventType "swiss"]
[EventRounds "9"]
[EventCountry "BLR"]
[SourceTitle "CBM 217 Extra"]
[Source "ChessBase"]
[SourceDate "2024.01.31"]
[SourceVersion "1"]
[SourceVersionDate "2024.01.31"]
[SourceQuality "1"]

1. e4 c5 2. Nc3 d6 3. d4 cxd4 4. Qxd4 Nf6 5. b3 g6 6. Bb2 Bg7 7. f3 a6 8. 0-0-0 Nc6 9. Qd2 h5 10. Kb1 b5 11. Nd5 Bb7 12. Nxf6+ Bxf6 13. Bxf6 exf6 14. Qxd6 Qxd6 15. Rxd6 Ke7 16. Rd1 g5 17. Bd3 Ne5 18. Ne2 Rac8 19. Ng3 Bc6 20. Nf5+ Ke6 21. Bxb5 Bxe4 22. fxe4 Rhd8 23. Bxa6 Rb8 24. Be2 h4 25. Rxd8 Rxd8 26. Rd1 Rxd1+ 27. Bxd1 Ng6 28. Bf3 Ke5 29. h3 Ke6 30. a4 Kd7 31. Kb2 Ne5 32. Ne3 Nc6 33. c3 1-0